000 00791nam a2200205 a 4500
001 000024688
005 20200930023318.0
008 110202s1980 ag r 000 0 spa d
040 _aDO-SdBNP
_bspa
_cBNPHU
082 _axxxxx
_bS689e
100 1 _aSolomon, Lewis D.
_950620
245 1 4 _aLas empresas multi nacionales :
_by el nuevo orden mundial /
_cLewis D. Solomon ; traducción Zoraida J. Valcárcel.
260 _aBuenos Aires, Argentina :
_bLa Ley,
_c1980.
300 _a306 p. ;
_c24.5 cm.
500 _aIncluye notas al pie de las páginas.
534 _pTítulo original en inglés:
_tMultinational corporations and the emerging world order.
700 1 _aValcárcel, Zoraida J.,
_etr.
_912587
710 1 _aFondo Editorial de Derecho y Economía (FEDYE).
_950621
049 _aBNGR
999 _c24181
_d24181